[Event "SWE-chT 0001"]
[Site "Sweden"]
[Date "2001.01.20"]
[Round "6"]
[White "Mansson, Lars"]
[Black "Grujic, Matej"]
[Result "0-1"]
[WhiteElo "2266"]
[BlackElo "2291"]
[PlyCount "162"]
[EventDate "2000.10.13"]
[EventType "team"]
[EventRounds "11"]
[EventCountry "SWE"]
[SourceTitle "EXT 2006"]
[Source "ChessBase"]
[SourceDate "2005.11.24"]
[SourceVersion "1"]
[SourceVersionDate "2005.11.24"]
[SourceQuality "1"]
[WhiteTeam "Limhamn"]
[BlackTeam "Kirsebergs"]
[WhiteTeamCountry "SWE"]
[BlackTeamCountry "SWE"]

1. e4 e5 2. Nf3 Nc6 3. Nc3 Nf6 4. Bb5 d6 5. d4 exd4 6. Nxd4 Bd7 7. 0-0 Be7 8. f4 Nxd4 9. Bxd7+ Qxd7 10. Qxd4 0-0 11. Kh1 Rfe8 12. Bd2 Bf8 13. Rae1 c5 14. Qd3 Rad8 15. Nd5 Nxd5 16. Qxd5 Qa4 17. Rf3 Rd7 18. Bc3 Rde7 19. Rfe3 Qxc2 20. f5 Qf2 21. f6 Re6 22. Qxb7 gxf6 23. Rf3 Qh4 24. Ref1 Bg7 25. Rf4 Qh6 26. Qxa7 d5 27. Qxc5 dxe4 28. Qe3 Qg6 29. R4f2 Rd8 30. Qc5 e3 31. Re2 Qd3 32. Rfe1 Bh6 33. a4 Re5 34. Qb6 Rf5 35. Kg1 Bg5 36. a5 Re5 37. Qb4 Re6 38. Qg4 Rd5 39. Qa4 Rc5 40. Qd1 Qb5 41. Qd8+ Kg7 42. Qd4 h5 43. Qb4 Qc6 44. Ra1 Rc4 45. Qb8 Bf4 46. Qb3 Qa6 47. Qd1 Qb5 48. Qe1 Kg6 49. Rd1 Qb8 50. Qh4 Qc7 51. Rd5 Be5 52. Qh3 Rxc3 53. bxc3 Qc4 54. Rxe5 Qxe2 55. Qg3+ Kh7 56. Rd5 Re5 57. Rd7 Rg5 58. Rxf7+ Kg6 59. Rxf6+ Kxf6 60. Qd6+ Kg7 61. Qe7+ Kh6 62. Qf6+ Rg6 63. Qf4+ Kg7 64. Qe5+ Kf7 65. Qf5+ Ke7 66. Qe5+ Kd7 67. Qd5+ Rd6 68. Qb7+ Ke6 69. Qe4+ Kf7 70. Qf5+ Ke7 71. Qe5+ Kd7 72. Qf5+ Kc6 73. Qc8+ Kd5 74. Qb7+ Rc6 75. Qd7+ Kc5 76. Qd4+ Kb5 77. Qd5+ Rc5 78. Qb3+ Kxa5 79. Qa3+ Kb6 80. Qb3+ Rb5 81. Qe6+ Ka5 0-1

[Event "SWE-ch U18"]
[Site "Linkoping"]
[Date "2001.??.??"]
[Round "3"]
[White "Mansson, Lars"]
[Black "Andersson, Fredrik1111"]
[Result "0-1"]
[WhiteElo "2193"]
[BlackElo "2142"]
[PlyCount "108"]
[EventDate "2001.??.??"]
[EventType "tourn"]
[EventRounds "13"]
[EventCountry "SWE"]
[SourceTitle "EXT 2002"]
[Source "ChessBase"]
[SourceDate "2001.11.25"]
[SourceVersion "1"]
[SourceVersionDate "2001.11.25"]
[SourceQuality "1"]

1. e4 e5 2. Nf3 Nc6 3. Nc3 Nf6 4. Bb5 Bb4 5. 0-0 0-0 6. d3 d6 7. Bg5 Bxc3 8. bxc3 Qe7 9. Re1 Nd8 10. d4 Ne6 11. Bc1 Rd8 12. Bf1 c6 13. g3 Qc7 14. Bg2 h6 15. h3 Nf8 16. Nh4 c5 17. d5 Qa5 18. Bd2 Qa4 19. Qc1 N8h7 20. Nf5 Bxf5 21. exf5 Re8 22. g4 Rad8 23. Kh1 e4 24. Re3 Nxd5 25. Rg3 f6 26. h4 Kh8 27. g5 fxg5 28. hxg5 hxg5 29. Bxg5 Rd7 30. Qd1 Ndf6 31. Rh3 Kg8 32. Be3 Re5 33. Rh4 Qc4 34. Qe1 Rd8 35. Rb1 b6 36. Bh3 Qxa2 37. Qg1 Qf7 38. Qg2 Kh8 39. Rg1 d5 40. Qg6 Kg8 41. Bh6 Qxg6 42. fxg6 gxh6 43. gxh7+ Kxh7 44. Rf4 Rh5 45. Kh2 Rf8 46. Rg3 Rg5 47. Re3 h5 48. Kh1 Kg7 49. f3 Rg3 50. Be6 Ng4 51. Rxf8 Kxf8 52. Re1 exf3 53. Bxd5 Nf2+ 54. Kh2 Rg2# 0-1

[Event "Limhamns U18"]
[Site "Malmo"]
[Date "2000.06.21"]
[Round "5"]
[White "Stefanek, Piotr"]
[Black "Mansson, Lars"]
[Result "1-0"]
[WhiteElo "2230"]
[BlackElo "2120"]
[PlyCount "155"]
[EventDate "2000.??.??"]
[EventType "tourn"]
[EventRounds "6"]
[EventCountry "SWE"]
[SourceTitle "EXT 2002"]
[Source "ChessBase"]
[SourceDate "2001.11.25"]
[SourceVersion "1"]
[SourceVersionDate "2001.11.25"]
[SourceQuality "1"]

1. e4 c6 2. c4 e5 3. d4 d6 4. Nc3 Qc7 5. Be3 Nd7 6. Be2 Be7 7. Nf3 Ngf6 8. h3 a6 9. Rc1 0-0 10. 0-0 Re8 11. Nd2 Qb8 12. b4 b5 13. a3 Bf8 14. d5 Bb7 15. f3 Rc8 16. Nb3 cxd5 17. cxd5 Be7 18. Qe1 Bd8 19. Qf2 Nh5 20. g3 Bc7 21. Kh2 Rf8 22. a4 bxa4 23. Na5 Kh8 24. Rc2 f5 25. exf5 Nhf6 26. Nc6 Bxc6 27. dxc6 Nb6 28. Ne4 Nfd5 29. Bd2 Rxf5 30. Bd3 Rf8 31. Qe2 Qe8 32. Ng5 Nf6 33. f4 exf4 34. Bxf4 Nbd5 35. Ne6 Rf7 36. Nxc7 Rxc7 37. Bxd6 Rcc8 38. Bxa6 Qxe2+ 39. Bxe2 Ne3 40. Rcc1 Nxf1+ 41. Bxf1 Ne4 42. Bf4 a3 43. b5 a2 44. Ra1 Nc3 45. c7 Ra4 46. b6 Rb4 47. Rxa2 Nxa2 48. Ba6 Rb2+ 49. Kg1 Re8 50. b7 Rb1+ 51. Kg2 Rb2+ 52. Kf3 Rb3+ 53. Kg4 Rxb7 54. Bxb7 Nb4 55. c8Q Rxc8 56. Bxc8 Nd5 57. Be5 Ne3+ 58. Kg5 Nc4 59. Bf4 Nb6 60. Be6 Na4 61. h4 Nc5 62. Bf5 Nb7 63. Bc7 Nc5 64. Kf4 h5 65. Kg5 Kg8 66. Kxh5 Kh8 67. Kg4 Kg8 68. h5 Kh8 69. Bd6 Nb7 70. Be7 Na5 71. Bc5 Nc6 72. Ba3 Ne5+ 73. Kf4 Nf7 74. g4 Nh6 75. g5 Nf7 76. Bb2 Nd8 77. h6 Kg8 78. hxg7 1-0

[Event "SWE-chT 9900"]
[Site "Sweden"]
[Date "2000.??.??"]
[Round "5"]
[White "Hallerod, Ralph"]
[Black "Mansson, Lars"]
[Result "1-0"]
[WhiteElo "2123"]
[BlackElo "2120"]
[PlyCount "64"]
[EventDate "1999.11.??"]
[EventType "team"]
[EventRounds "11"]
[EventCountry "SWE"]
[SourceTitle "EXT 2002"]
[Source "ChessBase"]
[SourceDate "2001.11.25"]
[SourceVersion "1"]
[SourceVersionDate "2001.11.25"]
[SourceQuality "1"]

1. d4 d5 2. c4 c6 3. Nf3 Nf6 4. Nc3 dxc4 5. a4 Bf5 6. e3 e6 7. Bxc4 Bb4 8. 0-0 0-0 9. Qe2 Bg6 10. Rd1 Nbd7 11. Ne5 Qa5 12. Nxg6 hxg6 13. Qc2 Rad8 14. e4 e5 15. Be3 Bd6 16. d5 Bb4 17. Na2 cxd5 18. Bxd5 Ng4 19. Bd2 Bxd2 20. Rxd2 Qb6 21. b4 a6 22. a5 Qf6 23. Qd1 Qg5 24. Rc1 Qf4 25. g3 Qh6 26. h4 Qh5 27. Bxb7 g5 28. Rxd7 Rxd7 29. Qxd7 gxh4 30. Rc8 Rxc8 31. Qxc8+ Kh7 32. Qf5+ Qxf5 1-0